Pobre negro

Bewaard in:
Bibliografische gegevens
Hoofdauteur: Gallegos, Rómulo
Formaat: Boek
Taal:Undetermined
Gepubliceerd in: Argentina Austral 1961
Editie:5
Onderwerpen:
Tags: Voeg label toe
Geen labels, Wees de eerste die dit record labelt!

MARC

LEADER 00000nam a2200000Ia 4500
008 170316s9999 xx 000 0 und d
040 |a cru BVZT 
090 |a 860 G-3p 
100 |a Gallegos, Rómulo 
245 |a Pobre negro 
250 |a 5 
260 |a Argentina 
260 |b Austral 
260 |c 1961 
300 |a 227 páginas 
650 |a LITERATURA LATINOAMERICANA 
999 |c 8788  |d 8788 
942 |c 15 D  |h 860 G-3p  |2 z